000 01143nam a22003377a 4500
001 4888544
003 OSt
005 20210426100416.0
008 930615s1994 nyu 000 1 eng
010 _a 93026492
020 _a0679415866
040 _aDLC
_cDLC
_dDLC
_beng
041 _aeng
050 0 0 _aPS3552.A4325
_bF47 1994
080 _a821.111
_bB-17
082 0 0 _a813/.54
_220
100 1 _aBaker, Nicholson.
245 1 4 _aThe Fermata /
_cNicholson Baker.
_b/ by: Random House Inc
250 _a1st edition
260 _aNew York :
_bRandom House Inc
_cc1994.
300 _a303 p.
_c22 cm.
365 _b15 usd
650 0 _9247
_aEnglish literature
653 _aინგლისური ლიტერატურა
655 7 _aScience fiction.
_2gsafd
655 7 _aErotic fiction.
_2gsafd
856 4 2 _3Publisher description
_uhttp://www.loc.gov/catdir/enhancements/fy0904/93026492-d.html
906 _a7
_bcbu
_corignew
_d1
_eocip
_f19
_gy-gencatlg
942 _2udc
_cBK
_e1
999 _c1287
_d1287